LEADER 02148nam 22005654a 450 001 9910965711403321 005 20200520144314.0 010 $a9780309514460 010 $a0309514460 035 $a(CKB)110986584752828 035 $a(OCoLC)45734123 035 $a(CaPaEBR)ebrary10038636 035 $a(SSID)ssj0000093070 035 $a(PQKBManifestationID)11126982 035 $a(PQKBTitleCode)TC0000093070 035 $a(PQKBWorkID)10014952 035 $a(PQKB)11584383 035 $a(MiAaPQ)EBC3375363 035 $a(Au-PeEL)EBL3375363 035 $a(CaPaEBR)ebr10038636 035 $a(OCoLC)923255818 035 $a(Perlego)4734294 035 $a(EXLCZ)99110986584752828 100 $a20000401d1999 uy 0 101 0 $aeng 135 $aurcn||||||||| 181 $ctxt 182 $cc 183 $acr 200 10$a1999 assessment of the Office of Naval Research's air and surface weapons technology program /$fCommittee on the Review of ONR's Air and Surface Weaponry Program, Naval Studies Board, Commission on Physical Sciences, Mathematics, and Applications, National Research Council 205 $a1st ed. 210 $aWashington, D.C. $cNational Academy Press$dc1999 215 $a1 online resource (54 p.) 225 1 $aONR assessment series 225 1 $aThe compass series 300 $aBibliographic Level Mode of Issuance: Monograph 311 08$a9780309066327 311 08$a0309066328 320 $aIncludes bibliographical references. 327 $aFront Matter -- Preface -- Acknowledgment of Reviewers -- Contents -- Executive Summary -- 1 Overview of the 1999 ONR ASWT Program Assessment -- 2 Assessment of the ONR ASWT Program -- A Committee Biographies -- A Committee Biographies -- B Acronyms and Abbreviations. 410 0$aCompass series (Washington, D.C.) 410 0$aONR assessment series. 676 $a359.8/0973 801 0$bMiAaPQ 801 1$bMiAaPQ 801 2$bMiAaPQ 906 $aBOOK 912 $a9910965711403321 996 $a1999 assessment of the Office of Naval Research's air and surface weapons technology program$94358556 997 $aUNINA